00449nam a2200181 a 4500001001300000003000900013005001700022008004100039020001000080082001300090100002100103245003200124260004100156300000900197500003500206505001000241650001600251nice12345678IN_TiNIC20260116011346.0050524s1958 bala grp 000 0 eng  ac26400a956bTHA aThayer, Philip W aTensions in the Middle East aBaltimorebJohns Hopkins Pressc1958 a350p aincludes index and biblioraphy2 aIndex aMiddle East